000 00460nam a2200181Ia 4500
001 2534
005 20260306144814.0
008 260306t2005||||xx |||||||||||||| ||spa||
041 _aESP
082 _a616.8914
_bR78
100 _aRoji Menchaca, Begoña
_eAUT
245 0 _aIntroducción a las psicoterapias experienciales y constructivistas
260 _c2005
300 _a629páginas :
_c
650 _aGEN
654 _aCPS
942 _cLIB
_dJUS
_fJUS
_2ddc
_n
999 _c2534
_d2534